00342 a2200097 4500001001000000005001700010008004100027245007900068100002400147773007300171ART_4187020260410162024.0260409a 10aEl futuro de la ciencia jurídica en los países del derecho continental1 aSpector, Horacio M.0 tJurisprudencia ArgentinagDerecho y economía (mayo 2006)wREV41622